000 00653 a2200169 4500
020 _a0750309342
020 _a9780750309349
082 _a539.72
090 _c1215
_d1215
100 _aKlapdor-Kleingrothaus, H. V.
245 1 0 _aBeyond the desert 2002 :
_baccelerator, non-accelerator and space approaches in the new millennium /
_cH. V. Klapdor-Kleingrothaus.
260 _a[S.l.] :
_bTaylor & Francis,
_c2003.
300 _a734 p. ;
_c24 cm.
700 1 _aKlapdor-Kleingrothaus, H. V.
942 _aSNS
_cBK
_k539.72 KLA
999 _c29828
_d29828